000 00434nam a2200169Ia 4500
008 090711s9999 xx 000 0 und d
082 _b61968
100 _aगोडबोले अशोक
245 _aशँकी
260 _c1988
300 _a160
600 _aगोडबोले अशोक
630 _aशँकी
700 _aगोडबोले अशोक
730 _aशँकी
942 _cBOOK
999 _c294824
_d294824